Statystyki dla Samochody Amerykańskie Według Obrazu

Kliknij tutaj aby rozwiązać quiz!

Ogólne statystyki

  • Ten quiz został rozwiązany 82 razy
  • Średni wynik to 8 z 13

Statystyki odpowiedzi

Odpowiedź% Poprawnych
Dodge
99%
Chevrolet
92%
Ford
92%
Jeep
89%
GMC
88%
Tesla
84%
Cadilac
65%
Chrysler
47%
Lincoln
42%
Pontiac
39%
Buick
23%
Plymouth
9%
Oldsmobil
8%

Rozkład punktacji

Percentyl według liczby udzielonych odpowiedzi

Procent ludzi z każdym wynikiem

Twoja historia wyników

Nie rozwiązałeś tego quizu